Character by Snow Sculpture Quiz Stats

 Plays Quiz Updated Jul 28, 2016

Score 0/15 Timer 05:00
3 Plays Today
% Correct
Superman
99.6%
SpongeBob SquarePants
99.5%
Snoopy
97.5%
Yoda
96.6%
Buzz Lightyear
96.6%
Spider-Man
96.3%
Nemo
94.4%
Batman
94%
% Correct
Mike Wazowski
85%
Stitch
84.1%
Peter Griffin
81.7%
Olaf
80.1%
Yoshi
63.9%
Stay Puft Marshmallow Man
62.4%
Totoro
31.4%

You're not logged in!

Compare scores with friends on all Sporcle quizzes.
OR
Log In

You Might Also Like...

Show Comments

Extras

Top Quizzes Today


Score Distribution

Your Account Isn't Verified!

In order to create a playlist on Sporcle, you need to verify the email address you used during registration. Go to your Sporcle Settings to finish the process.

Report this User

Report this user for behavior that violates our Community Guidelines.

Details: